000 00781nam a2200241 a 4500
001 BRCA_3809
005 20190320204431.0
008 100610s1969----nyua######---#000-0#eng-#
020 _a810903490
041 _aeng
044 _anyu
050 4 _aF1219.3
_b.B47 1969
100 1 _aBernal, Ignacio
_9778
245 1 0 _a100 [i.e. Cien] Great Masterpieces
_bof the Mexican National Museum of Anthropology
_cIgnacio Bernal ; photographs by Constantino Reyes.
260 _aNueva York
_bHarry N. Abrams
_c1969
300 _a15 p.
_bil. (algunas a color), 100 láminas
_c34 cm.
500 _aIncluye comentarios de las láminas
500 _aAM34
650 1 4 _aArte precolombino
_zMéxico
_99926
700 1 _aReyes, Constantino
_eFotógrafo
_99927
902 _aGFM
942 _2lcc
_cB
999 _c3538
_d3538